[Event "World ol U16"]
[Site "Nakhchivan"]
[Date "2022.10.09"]
[Round "8.15"]
[White "Karam, Youssef Mark"]
[Black "Hasanli, Rza"]
[Result "0-1"]
[WhiteElo "1488"]
[BlackElo "1566"]
[PlyCount "68"]
[EventDate "2022.10.02"]
[EventType "team-swiss"]
[EventRounds "9"]
[EventCountry "AZE"]
[SourceTitle "CBM 210 Extra"]
[Source "ChessBase"]
[SourceDate "2022.11.30"]
[SourceVersion "1"]
[SourceVersionDate "2022.11.30"]
[SourceQuality "1"]
[WhiteTeam "Lebanon"]
[BlackTeam "Azerbaijan Nakhchivan"]
[WhiteTeamCountry "LBN"]
[BlackTeamCountry "AZE"]

1. b3 Nf6 2. Bb2 d5 3. e3 c5 4. Nf3 e6 5. c4 dxc4 6. bxc4 Be7 7. Be2 0-0 8. 0-0 Nc6 9. d4 cxd4 10. exd4 b6 11. Nc3 Bb7 12. Rc1 Na5 13. Qa4 Rc8 14. Nd1 Qe8 15. Qxe8 Nxe8 16. Ne3 Nd6 17. Nd2 Ba6 18. Rc2 f5 19. Rfc1 Bf6 20. Bf1 Rfd8 21. Nb3 Ndb7 22. d5 Bxb2 23. Rxb2 Nxb3 24. axb3 f4 25. Ra2 Na5 26. dxe6 fxe3 27. b4 Bxc4 28. Bxc4 Rxc4 29. Rf1 Rxb4 30. fxe3 Re4 31. Rf3 Rxe6 32. g4 Rde8 33. Raf2 Rxe3 34. Rf7 R3e7 0-1

[Event "World ol U16"]
[Site "Nakhchivan"]
[Date "2022.10.08"]
[Round "7.13"]
[White "Hasanli, Rza"]
[Black "Li, Yiheng"]
[Result "0-1"]
[WhiteElo "1566"]
[BlackElo "1766"]
[PlyCount "78"]
[EventDate "2022.10.02"]
[EventType "team-swiss"]
[EventRounds "9"]
[EventCountry "AZE"]
[SourceTitle "CBM 210 Extra"]
[Source "ChessBase"]
[SourceDate "2022.11.30"]
[SourceVersion "1"]
[SourceVersionDate "2022.11.30"]
[SourceQuality "1"]
[WhiteTeam "Azerbaijan Nakhchivan"]
[BlackTeam "Hong Kong"]
[WhiteTeamCountry "AZE"]
[BlackTeamCountry "HKG"]

1. e4 c5 2. Nf3 d6 3. Bb5+ Bd7 4. Bxd7+ Qxd7 5. c4 Nc6 6. d4 cxd4 7. Nxd4 Nxd4 8. Qxd4 Nf6 9. Nc3 g6 10. f3 Bg7 11. 0-0 0-0 12. Qd3 Rac8 13. Be3 a6 14. a4 Qc6 15. b3 Nd7 16. Nd5 Rfe8 17. Rac1 e6 18. Nc3 Nf6 19. Rfd1 Red8 20. a5 Bf8 21. Na4 Nd7 22. Nb6 Nxb6 23. Bxb6 Rd7 24. b4 d5 25. Kh1 Bxb4 26. c5 d4 27. e5 Rd5 28. Qe4 Bxc5 29. h3 Qb5 30. Rxd4 Rxd4 31. Qxb7 Qd7 32. Qxd7 Rxd7 33. Rxc5 Rxc5 34. Bxc5 Rd5 35. Bb6 Rxe5 36. Kh2 Rb5 37. Kg3 Kg7 38. Kf4 f6 39. h4 e5+ 0-1

[Event "World ol U16"]
[Site "Nakhchivan"]
[Date "2022.10.07"]
[Round "6.11"]
[White "Manon, Reja Neer"]
[Black "Hasanli, Rza"]
[Result "1-0"]
[WhiteElo "2107"]
[BlackElo "1566"]
[PlyCount "87"]
[EventDate "2022.10.02"]
[EventType "team-swiss"]
[EventRounds "9"]
[EventCountry "AZE"]
[SourceTitle "CBM 210 Extra"]
[Source "ChessBase"]
[SourceDate "2022.11.30"]
[SourceVersion "1"]
[SourceVersionDate "2022.11.30"]
[SourceQuality "1"]
[WhiteTeam "Bangladesh"]
[BlackTeam "Azerbaijan Nakhchivan"]
[WhiteTeamCountry "BAN"]
[BlackTeamCountry "AZE"]

1. e4 e5 2. Nf3 Nc6 3. d4 exd4 4. Nxd4 Nf6 5. Nxc6 bxc6 6. e5 Qe7 7. Qe2 Nd5 8. c4 Ba6 9. b3 g6 10. f4 Bg7 11. Qf2 Nb6 12. Ba3 Qe6 13. Nd2 d6 14. 0-0-0 0-0 15. Ne4 Rfd8 16. Bb2 dxe5 17. Re1 Nd7 18. fxe5 Bxe5 19. Nc5 Bxb2+ 20. Kxb2 Qd6 21. Nxa6 c5 22. Nxc7 Qxc7 23. Re7 Rf8 24. Qe3 Qc6 25. Be2 Qxg2 26. Qf3 Qxf3 27. Bxf3 Rad8 28. Rd1 Nf6 29. Rxa7 Rxd1 30. Bxd1 Ne4 31. Re7 f5 32. Bf3 Nf6 33. a4 Rd8 34. a5 Rd6 35. Bb7 Kf8 36. Re2 Nd7 37. a6 Nb6 38. a7 Rd8 39. Kc3 f4 40. Rd2 Re8 41. Rd6 Na8 42. Rd7 h6 43. Bxa8 Re3+ 44. Kd2 1-0